Entry Término temático
001 - NÚMERO DE CONTROL
- campo de control: 2280
003 - IDENTIFICADOR DEL NÚMERO DE CONTROL
- campo de control: DO-SdBNP
005 - FECHA Y HORA DE LA ÚLTIMA TRANSACCIÓN
- campo de control: 20260310104012.0
008 - DATOS DE LONGITUD FIJA
- campo de control de longitud fija: 200615|| aca||aabn | a|a d
010 ## - NÚMERO DE CONTROL DE LA BIBLIOTECA DEL CONGRESO
- Número de control de LC: sh 85110237
040 ## - FUENTE DE LA CATALOGACIÓN
- Centro catalogador/agencia de origen: DO-SdBNP
- Lengua de catalogación: spa
- Centro/agencia transcriptor: BNPHU
- Normas de descripción: rda
150 ## - ENCABEZAMIENTO--TÉRMINO DE MATERIA
- Término de materia o nombre geográfico como elemento de entrada: Discriminación racial
450 0# - TRAZADO DE VÉASE--TÉRMINO DE MATERIA
- Término de materia o nombre geográfico como elemento de entrada: Race discrimination
450 0# - TRAZADO DE VÉASE--TÉRMINO DE MATERIA
- Término de materia o nombre geográfico como elemento de entrada: Sesgo racial
450 0# - TRAZADO DE VÉASE--TÉRMINO DE MATERIA
- Término de materia o nombre geográfico como elemento de entrada: Sesgo de raza
450 0# - TRAZADO DE VÉASE--TÉRMINO DE MATERIA
- Término de materia o nombre geográfico como elemento de entrada: Discriminacion de raza
550 ## - TRAZADO VÉASE ADEMÁS--TÉRMINO DE MATERIA
- Término de materia o nombre geográfico como elemento de entrada: Discriminación
- Subcampo de control: g
670 ## - FUENTE DE DATOS ENCONTRADOS
- Cita de la fuente: Work cat.: (OSt)674: Dijk, Teun Adrianus van, 1943 - 2278, Racismo y discurso de las élites /, 1993.
670 ## - FUENTE DE DATOS ENCONTRADOS
- Identificador Uniforme del Recurso: https://librunam.dgb.unam.mx:8443/F/N2AC2YY8XBUHFDX5UKXEJLB76LUBGFQADBRT24SVNPSJH1XD3E-07063?func=full-set-set&set_number=002399&set_entry=000001&format=001 Consultado en 10 de Marzo, 2026
680 ## - NOTA GENERAL PÚBLICA
- Texto explicativo: Aquí se asientan las obras que se limitan a la conducta discriminatoria manifiesta en contra de grupos raciales o étnicos las obras sobre racismo como una actitud así como para obras sobre ambos actitud y comportamiento abiertamente discriminatorio en contra de grupos raciales o étnicos se asientan bajo
- Encabezamiento o término de subdivisión: Racismo
- Texto explicativo: Las obras sobre la discriminación dirigido contra un grupo particular se asienta bajo el nombre del grupo con la subdivisión
- Encabezamiento o término de subdivisión: Condiciones sociales,
- Texto explicativo: o alguna subdivisión similar, ejemplo
- Encabezamiento o término de subdivisión: Derechos civiles
- Texto explicativo: Cuando el encabezamiento
- Encabezamiento o término de subdivisión: Discriminación racial
- Texto explicativo: es subdividido por lugar, una segunda entrada de materia se hace en cada caso bajo el nombre del lugar subdividido por
- Encabezamiento o término de subdivisión: Relaciones raciales
681 ## - NOTA DE EJEMPLO DE TRAZADO DE MATERIA
- Texto explicativo: Nota bajo
- Encabezamiento de materia o término de subdivisión: Racismo
750 0# - ENTRADA DE ENLACE DE ENCABEZAMIENTO ESTABLECIDO--TÉRMINO DE MATERIA
- Término de materia o nombre geográfico como elemento de entrada: Race discrimination
- Número de control del registro de autoridad o número normalizado: sh 85110237
